000 00708nam a22002417a 4500
003 CHAP
005 20220329140315.0
008 971013s r 00010 d
010 _a50109
011 _a51081
035 _a55231
040 _cCHAP
090 _aR-754
100 0 0 _aPhillips, E. Percy.
_987810
245 _aSome South African place names derived from plants
500 _aSobretiro de: S. Afr. J.of Sci. 30 : 656-671, 1933.
590 _aBATCH-UPD
_b10
_c20130110
_lUCH01
_h0812
590 _aCONVERSION
_b10
_c20130109
_lUCH01
_h1327
650 1 4 _aPlantas
_xNombres vulgares
_xAfrica del Sur.
_988864
901 _aBK
942 _cREIMP
949 _aR-754
_bBC
_cR
_d-121322
_eTS1
_i55231
_si
999 _c50109
_d50109